| 000 | 00358nam a22001457a 4500 | ||
|---|---|---|---|
| 003 | SGT | ||
| 020 | _a9789383723065 | ||
| 082 |
_a350.954 _bP15P |
||
| 100 | _aPANDEY, VISHWANATH | ||
| 245 | _aPANDIT MADAN MOHAN MALVIYA & THE FORMATIVE YEARS | ||
| 260 |
_bLG PUBLISHERS & DISTRIBUTORS _c2015 |
||
| 300 | _a2015 | ||
| 650 | _aSOCIAL SCIENCE | ||
| 942 |
_2ddc _cBK |
||
| 999 |
_c27730 _d27730 |
||